00326 a2200133 450000100060000002000180000604000240002410000280004824000370007624500320011330000070014536200090015265000310016170452 a9788506064413 cAnchieta - Itaigara aDominguez, Xan López 10aMinhas histórias perdidaslpor10aMinhas histórias perdidas a230 a1997 4aLiteratura infanto-juvenil